It looks like you're offline.
Open Library logo
additional options menu

MARC record from Internet Archive

LEADER: 02358cam 22005414a 4500
001 ocm49249206
003 OCoLC
005 20181209222323.0
008 020225r20032002pauab c 001 0 eng
010 $a 2002002522
040 $aDLC$beng$cDLC$dBAKER$dBTCTA$dBNO$dYDXCP$dOCLCO$dIG#$dOCLCF$dOCLCQ$dOCLCO$dAUY$dOCLCQ$dQQ3$dJDP
019 $a71259279
020 $a0791070166
020 $a9780791070161
035 $a(OCoLC)49249206$z(OCoLC)71259279
042 $apcc$alcac
050 00 $aTD348$b.D25 2003
082 00 $a363.6/1$221
100 1 $aDalgleish, Sharon.
245 10 $aSaving water /$cSharon Dalgleish.
260 $aPhiladelphia :$bChelsea House Publishers,$c2003.
300 $a32 pages :$bcolor illustrations, map ;$c29 cm.
336 $atext$btxt$2rdacontent
337 $aunmediated$bn$2rdamedia
338 $avolume$bnc$2rdacarrier
490 1 $aOur world, our future
500 $aOriginally published: Yarra, Australia : Macmillan Education Australia, 2002.
500 $aIncludes index.
505 0 $aOur world -- Weird water -- Living in a watery world -- Water and weather -- Storing water -- Using water at home -- Wastewater down the drain -- Water for factories -- Thirsty cows and crops -- From drains to waterways -- Dissolving-good and bad -- Project water -- Think globally -- Sustaining our world.
520 $aExplores the importance of water to everything on Earth, the water cycle, the ways in which water gets used--and wasted, pollution, water shortages, and efforts to purify and preserve water.
650 0 $aWater-supply$vJuvenile literature.
650 0 $aWater conservation$vJuvenile literature.
650 1 $aWater.
650 1 $aWater conservation.
650 7 $aWater conservation.$2fast$0(OCoLC)fst01171608
650 7 $aWater-supply.$2fast$0(OCoLC)fst01172350
655 7 $aJuvenile works.$2fast$0(OCoLC)fst01411637
655 4 $aNonfiction.
655 7 $aLiterature.$2lcgft
830 0 $aOur world (Philadelphia, Pa.)
938 $aBaker & Taylor$bBKTY$c28.00$d28.00$i0791070166$n0003918831$sactive
938 $aBaker and Taylor$bBTCP$n2002002522
938 $aIngram$bINGR$n9780791070161
938 $aYBP Library Services$bYANK$n8067754
029 1 $aAU@$b000023393767
029 1 $aNZ1$b6771588
994 $aZ0$bP4A
948 $hNO HOLDINGS IN P4A - 290 OTHER HOLDINGS